Movies by Three Unnamed Characters V Quiz Stats

 Plays Quiz Updated Aug 3, 2017

Support Sporcle.
Go Orange.
Score 0/20 Timer 05:00
2 Plays Today
% Correct
Paul Blart: Mall Cop
93.5%
12 Angry Men
92.4%
Batman Returns
91.2%
Baywatch
91.2%
Pirates of the Caribbean: Dead Man's Chest
90.5%
Air Force One
90.1%
Guardians of the Galaxy
90%
Cocktail
89.6%
Moneyball
89.1%
Rocky
88.7%
% Correct
Speed
87.2%
The Hurt Locker
87.1%
The Jungle Book
85.6%
Fantastic Beasts and Where to Find Them
85.4%
The Last Temptation of Christ
82.6%
Minority Report
82.3%
Milk
81.9%
Wonder Woman
78.5%
Lost in Translation
78.1%
The Revenant
77.7%

You're not logged in!

Compare scores with friends on all Sporcle quizzes.
OR
Log In
Forgot?

From the Vault

4 Minute Math: Roman Style

by Cryptus

Friends, Romans, countrymen, lend me your calculators.
Remove Ads.
Support Sporcle.
Get the best of Sporcle when you Go Orange. This ad-free experience offers more features, more stats, and more fun while also helping to support Sporcle. Thank you for becoming a member.

Show Comments

Extras

Top Quizzes Today


Score Distribution

Your Account Isn't Verified!

In order to create a playlist on Sporcle, you need to verify the email address you used during registration. Go to your Sporcle Settings to finish the process.

Report this User

Report this user for behavior that violates our Community Guidelines.

Details: